Statistics for Female Versions of Male Names

Click here to take the quiz!

General Stats

  • This quiz has been taken 114 times
  • The average score is 9 of 15

Answer Stats

Male Name Female Name % Correct
JosephJosephine
89%
GeorgeGeorgina
89%
VictorVictoria
89%
AlexanderAlexandra
83%
CharlesCharlotte
78%
HenryHenrietta
75%
ReginaldRegina
75%
AndrewAndrea
73%
Nic(h)olasNicole
70%
MitchellMichelle
69%
HarryHarriet
59%
GeneJean
42%
AaronErin
30%
JoshuaJoselyn
21%
AbrahamAbree
2%

Score Distribution

Percentile by Number Answered

Percent of People with Each Score

Your Score History

You have not taken this quiz